000 00299cam a2200121ua 4500
020 _a0-88173-043-2
082 _a621.69
_bGAR/PU
100 _aGray, Paul N .
_91574
245 _aPump Application Desk Book /
260 _aLilburn :
_bFairmont Press INC ,
_c1990.
300 _a415 ; .
942 _cREF
999 _c6820
_d6820